00569nam a2200217Ia 4500003000400000005001700004008004100021020001500062040001800077041000800095082002100103100001900124245003600143250001200179260003800191300002700229650001700256651003000273651002300303651002500326OSt20230728143356.0210716s2006 xx 000 0 und d a8174464824 cAIMIT LIBRARY aeng a346.07 23bGULS aGulshan, S S. aBusiness law /cBy S S Gulshan. a3rd ed. aNew Delhi :bExcel Books ,c2006. aix,723p. ;bPBc23.8cm aBusiness Law aMeaning and nature of law aContract of agency aLaw of sale of goods